000 00262nam a22001217a 4500
008 181101b xxu||||| |||| 00| 0 eng d
041 _aeng
080 _26th
_a821
100 _a23
101 _aGJU
245 _aIndex To English
_cEbbit.W.R
942 _2udc
_cBK
999 _c51552
_d51552